000 00809nac a22002051u 4500
008 101003s2007 ohu|||||r|||| 001 0 eng d
020 _a0324422040
020 _a9780324422047
082 _a658
_bDAF
100 _aDaft, Richard L.
_920032
245 _aManagement :
_b the New Workplace
_cRichard L Daft ,Dorothy Marcic.
250 _bInternational ed.
260 _aLondon:
_bThomson South Western,[2005]
_c[2005]
300 _a584p.:
_b(col)ill;
_c25cm.
504 _aIncludes bibliographical refernxces p. E1-E27 and Index.
650 _aManagement.
_920033
700 _aMarcic,Dorothy.
_920034
942 _cBB
_k658 DAF
_2ddc
999 _c2896
_d2896